000 00614cam a2200217 4500500
005 20260405003005.0
041 _afre
042 _adc
100 1 0 _aHuneman, Philippe
_eauthor
245 0 0 _aMon ADN, mes ancêtres et moi
260 _c2019.
500 _a8
690 _aADN
690 _aAncêtre
690 _aHérédité
690 _aIdentité
690 _aPhilippe Huneman
690 _atest
786 0 _nPhilosophie magazine | 134 | 11 | 2019-11-01 | p. 15-19 | 1951-1787
856 4 1 _uhttps://shs.cairn.info/magazine-philosophie-magazine-2019-11-page-15?lang=fr&redirect-ssocas=7080
999 _c2063273
_d2063273